000 01067nam0a22003011 4500
001 rc\123721
005 20260405070506.0
010 _a5-7020-0411-6
_950000
035 _a(NLR Aleph) 005380435
090 _a7094936
_c7094936
100 _a20021216d1991 u y0rusy50 ca
101 0 _arus
102 _aRU
105 _aa |||||||||
200 1 _aХождение во власть
_f[Лит. запись А. Чернова]
205 _a2-е изд., доп.
210 _aМ.
_cНовости
_d1991
215 _a285, [2] с., [16] л. ил.
_d20
225 1 _aВремя. События. Люди
300 _aНа обл.: После путча
700 1 _aСобчак
_bА. А.
_f1937-2000
_gАнатолий Александрович
_9146709
_3RU\NLR\AUTH\770146745
702 1 _4570
_8rus
_7ca
_aЧернов
_bА. Ю.
_cпоэт, публицист
_f1953-
_gАндрей Юрьевич
_3RU\NLR\AUTH\7723915
_96968
801 0 _aRU
_bNLR
_gpsbo
801 1 _aRU
_bELAR
_2rusmarc
852 _aNLR
_j91-3/12001
942 _cBOOK
980 _aNB